Topics on regenerative processes
Αποθηκεύτηκε σε:
| Κύριος συγγραφέας: | |
|---|---|
| Μορφή: | Βιβλίο |
| Γλώσσα: | English |
| Δημοσίευση: |
Boca Raton :
CRC Press,
c1994
|
| Θέματα: | |
| Ετικέτες: |
Προσθήκη ετικέτας
Δεν υπάρχουν, Καταχωρήστε ετικέτα πρώτοι!
|
MARC
| LEADER | 00000nam a2200000 i 4500 | ||
|---|---|---|---|
| 001 | 1/78150 | ||
| 008 | 990421s1994 eng d | ||
| 020 | |a 0-8493-8641-1 | ||
| 035 | |l 10050081 | ||
| 040 | |a GR-MY-UA |b gre |e aacr | ||
| 041 | 0 | |a eng | |
| 082 | 0 | |a 519.233 | |
| 100 | 1 | |a Kalashnikov, Vladimir V. | |
| 245 | 1 | 0 | |a Topics on regenerative processes / |c Vladimir Kalashnikov |
| 260 | |a Boca Raton : |b CRC Press, |c c1994 | ||
| 300 | |a xiii, 212 p.; |b ill.; |c 24 cm. | ||
| 500 | |a Includes bibliographical references (p. 197-203) and index | ||
| 650 | 0 | 0 | |a Markov processes. |
| 650 | 0 | 0 | |a Queuing theory. |
| 852 | |a INST |b SAMOS |e 19990421 |h 519.233 KAL |p 005300012665 |q 005300012665 |t BK |y 0 | ||
| 901 | |a BIBL-1999-1 | ||
| 909 | |a Σ |b 063168 | ||
| 922 | |a 3ΕΛΗ |b 199904 |c ΕΠΕΑΕΚ/ΜΑΘ |d GLORY | ||